| 000 | 01059naa a22003017a 4500 | ||
|---|---|---|---|
| 001 | BR7908263 | ||
| 003 | BR-BrBNA | ||
| 005 | 20240918174528.0 | ||
| 007 | ta | ||
| 008 | 230509b bl.||||| |||| 00| 0 por d | ||
| 040 |
_aBR-BrBNA _bpor _cBiblioteca Nacional de Agricultura |
||
| 041 | _a(Pt) | ||
| 072 |
_aL73; L74; L70 _b5120 _b4190 _b4390 |
||
| 090 | _aL73 BR7908263 | ||
| 100 | 1 | _aHickman, J. | |
| 111 | 1 |
_a2. Ciclo Internacional de Clinica Veterinaria Equina _cSao Paulo, SP (Brazil) _d12 Mar 1979 |
|
| 245 | 1 | _aTraumas no boleto [cavalo, osso, osteite] | |
| 260 | 3 |
_aSao Paulo, SP (Brasil): _c1979. |
|
| 500 | _aAnais do 2. Ciclo Internacional de Clinica Veterinaria Equina Sao Paulo, SP (Brasil): 1979. p. 43-50 (BR7908263-AM)L73 | ||
| 650 | _aCAVALO | ||
| 650 | _aOSTEITE | ||
| 650 | _aOSSO | ||
| 650 | _aFRATURA | ||
| 650 | _aDIAGNOSTICO | ||
| 773 | 0 |
_tAnais do 2. Ciclo Internacional de Clinica Veterinaria Equina _wL73 BR7908263 _gSao Paulo, SP (Brasil), 1979. p. 43-50 |
|
| 909 |
_a202404 _bLucia _c55 _dLucia Elande |
||
| 942 |
_cAM _2AGRIS |
||
| 999 |
_c311792 _d311792 |
||